Rang-i shabāb. (Record no. 55301)

MARC details
000 -LEADER
fixed length control field 00574cam a22002411 4500
001 - CONTROL NUMBER
control field sa 63003798
003 - CONTROL NUMBER IDENTIFIER
control field DLC
005 - DATE AND TIME OF LATEST TRANSACTION
control field 20260227111944.0
008 - FIXED-LENGTH DATA ELEMENTS--GENERAL INFORMATION
fixed length control field 950622s1959 pk 000 1 urdo
010 ## - LIBRARY OF CONGRESS CONTROL NUMBER
LC control number sa 63003798
025 ## - OVERSEAS ACQUISITION NUMBER
Overseas acquisition number PL480:P-U-38
035 ## - SYSTEM CONTROL NUMBER
System control number (OCoLC)32693316
040 ## - CATALOGING SOURCE
Original cataloging agency DLC
Transcribing agency CU
Modifying agency CU
-- DLC
042 ## - AUTHENTICATION CODE
Authentication code premarc
050 00 - LIBRARY OF CONGRESS CALL NUMBER
Classification number PK2200.A7
Item number R3
100 1# - MAIN ENTRY--PERSONAL NAME
Personal name Aslam, Muhammad,
Dates associated with a name 1885-
245 10 - TITLE STATEMENT
Title Rang-i shabāb.
260 ## - PUBLICATION, DISTRIBUTION, ETC.
Date of publication, distribution, etc. [1959?]
300 ## - PHYSICAL DESCRIPTION
Extent 720 p.
Dimensions 18 cm.
500 ## - GENERAL NOTE
General note In Urdu.
500 ## - GENERAL NOTE
General note A novel.
500 ## - GENERAL NOTE
General note Text partially vocalized.

No items available.

Powered by Koha